000 00336 a2200169 4500
001 191461
020 _a978-85-08-12599-9
040 _cMagnum
100 _aAlencar, José de
240 1 0 _aSenhora
_lpor
245 1 0 _aSenhora
300 _a264
362 0 _a2009
440 1 _aÁtica
697 _aLITERATURA GERAL
942 _cBK
999 _c191461
_d191461